Hodnotenie výkonu zamestnancov v nadnárodnej spoločnosti dizertačná práca

Salvato in:
Dettagli Bibliografici
Autore principale: Posoldová, Iveta
Ente Autore: Fakulta podnikového manažmentu EU. Katedra manažmentu
Altri autori: Szarková, Miroslava, 1951-
Natura: Libro
Lingua:slovacco
Pubblicazione: Bratislava 2016
Soggetti:
Tags: Aggiungi Tag
Nessun Tag, puoi essere il primo ad aggiungerne!!

MARC

LEADER 00000nbm a2200000 4500
001 0226056
005 20230302104437.7
041 0 |a slo 
044 |a SK 
245 1 0 |a Hodnotenie výkonu zamestnancov v nadnárodnej spoločnosti  |b dizertačná práca  |c Iveta Posoldová ; školiteľ: Miroslava Szarková 
264 1 |a Bratislava  |c 2016 
300 |a 167 s. 
610 2 0 |a výkony pracovné 
610 2 0 |a výkonnosť 
610 2 0 |a výkony vnútropodnikové 
610 2 0 |a zamestnanci 
610 2 0 |a spoločnosti nadnárodné 
610 2 0 |a korporácie transnacionálne 
100 1 |a Posoldová, Iveta 
700 1 |a Szarková, Miroslava, 1951- 
710 2 |a Fakulta podnikového manažmentu EU. Katedra manažmentu